<?xml version="1.0" encoding="UTF-8"?>
<record
    xmlns:xsi="http://www.w3.org/2001/XMLSchema-instance"
    xsi:schemaLocation="http://www.loc.gov/MARC21/slim http://www.loc.gov/standards/marcxml/schema/MARC21slim.xsd"
    xmlns="http://www.loc.gov/MARC21/slim">

  <leader>00841nam a2200265Ia 4500</leader>
  <datafield tag="999" ind1=" " ind2=" ">
    <subfield code="c">14059</subfield>
    <subfield code="d">14059</subfield>
  </datafield>
  <controlfield tag="001">14059</controlfield>
  <controlfield tag="003">DR-UNIBE</controlfield>
  <controlfield tag="005">20260602152629.0</controlfield>
  <controlfield tag="008">210128b1992    mx ||||| |||| 00| 0 spa d</controlfield>
  <datafield tag="020" ind1=" " ind2=" ">
    <subfield code="a">0070609527</subfield>
  </datafield>
  <datafield tag="040" ind1=" " ind2=" ">
    <subfield code="a">BIBLIOTECA UNIBE</subfield>
    <subfield code="c">BIBLIOTECA UNIBE</subfield>
  </datafield>
  <datafield tag="041" ind1=" " ind2=" ">
    <subfield code="a">spa</subfield>
  </datafield>
  <datafield tag="082" ind1="0" ind2=" ">
    <subfield code="a">658.8 S792f</subfield>
  </datafield>
  <datafield tag="100" ind1="4" ind2="0">
    <subfield code="a">Stanton, William J.</subfield>
    <subfield code="e">autor</subfield>
    <subfield code="9">20767</subfield>
  </datafield>
  <datafield tag="100" ind1="4" ind2="0">
    <subfield code="a">Etzel, Michael J.</subfield>
    <subfield code="e">autor</subfield>
    <subfield code="9">20768</subfield>
  </datafield>
  <datafield tag="100" ind1="4" ind2="0">
    <subfield code="a">Walker, Bruce J.</subfield>
    <subfield code="e">autor</subfield>
    <subfield code="9">20769</subfield>
  </datafield>
  <datafield tag="245" ind1="0" ind2=" ">
    <subfield code="a">Fundamentos de marketing / </subfield>
    <subfield code="c">Stanton William J., Michael J. Etzel, Bruce J. Walker ; traducci&#xF3;n: C. P. Julio Coro Pando</subfield>
  </datafield>
  <datafield tag="250" ind1="4" ind2=" ">
    <subfield code="a">Quinta edici&#xF3;n</subfield>
  </datafield>
  <datafield tag="260" ind1="4" ind2=" ">
    <subfield code="a">M&#xE9;xico : </subfield>
    <subfield code="b">McGraw-Hill,</subfield>
    <subfield code="c">1992</subfield>
  </datafield>
  <datafield tag="300" ind1="4" ind2=" ">
    <subfield code="a">xxxi, 733 p&#xE1;ginas</subfield>
  </datafield>
  <datafield tag="650" ind1=" " ind2=" ">
    <subfield code="a">Mercadeo</subfield>
    <subfield code="9">113506</subfield>
  </datafield>
  <datafield tag="951" ind1=" " ind2=" ">
    <subfield code="a">20061022 10:18:00</subfield>
  </datafield>
  <datafield tag="700" ind1=" " ind2="0">
    <subfield code="a">Coro Pando, Julio</subfield>
    <subfield code="e">traductor</subfield>
    <subfield code="9">97768</subfield>
  </datafield>
  <datafield tag="942" ind1=" " ind2=" ">
    <subfield code="c">BK</subfield>
    <subfield code="2">ddc</subfield>
  </datafield>
  <datafield tag="952" ind1=" " ind2=" ">
    <subfield code="0">0</subfield>
    <subfield code="1">0</subfield>
    <subfield code="2">ddc</subfield>
    <subfield code="7">0</subfield>
    <subfield code="8">GEN</subfield>
    <subfield code="a">Principal</subfield>
    <subfield code="d">2016-10-21</subfield>
    <subfield code="l">0</subfield>
    <subfield code="o">658.8 S792f</subfield>
    <subfield code="p">922269</subfield>
    <subfield code="r">2016-10-21 00:00:00</subfield>
    <subfield code="t">Ej. 1</subfield>
    <subfield code="w">2016-10-21</subfield>
    <subfield code="y">BK</subfield>
  </datafield>
</record>
